NBA Team Games Played Leaders - Statistics

General Stats
  • This quiz has been taken 206 times
    148 since last reset
  • The average score is 21 of 30
Answer Stats
GP Team Player % Correct
1,522 Mavericks Dirk Nowitzki
98%
1,392 Spurs Tim Duncan
98%
932 Warriors Stephen Curry
97%
701 Hornets Dell Curry
96%
1,504 Jazz John Stockton
95%
1,346 Lakers Kobe Bryant
94%
930 Bulls Michael Jordan
94%
750 Clippers DeAndre Jordan
93%
773 Bucks Giannis Antetokounmpo
93%
849 Cavaliers LeBron James
90%
1,389 Pacers Reggie Miller
90%
1,177 Rockets Hakeem Olajuwon
89%
948 Heat Dwyane Wade
86%
1,039 Knicks Patrick Ewing
85%
970 Timberwolves Kevin Garnett
83%
867 Trail Blazers Clyde Drexler
72%
882 Hawks Dominique Wilkins
71%
999 Thunder/SuperSonics Gary Payton
70%
1,270 Celtics John Havlicek
67%
837 Nuggets Alex English
62%
675 Raptors DeMar DeRozan
59%
984 Wizards/Bullets Wes Unseld
59%
1,018 Pistons Joe Dumars
55%
788 Grizzlies Mike Conley
53%
530 Pelicans David West
52%
1,122 76ers Hal Greer
36%
635 Nets Buck Williams
28%
692 Magic Nick Anderson
16%
988 Suns Alvan Adams
11%
888 Kings/Royals Sam Lacey
5%
No matching quizzes found
Score Distribution
Percent of People with Each Score
Percentile by Number Answered
Your Score History
You have not taken this quiz since the last reset